| 000 | 01043cab a2200313 4500 | ||
|---|---|---|---|
| 001 | ABS51899 | ||
| 008 | 090401t1994 xxu||||| |||| 00| 0 eng d | ||
| 035 | _a(Sirsi) u49473 | ||
| 041 | _aeng | ||
| 100 | _aEdwards, P. | ||
| 245 | _aEmbodied energy impact evaluation | ||
| 260 | _c1994 | ||
| 350 | _a0 | ||
| 490 |
_aBuilding Economist _vDecember 1994, 21-23(3) |
||
| 520 | _aExplains embodied energy and the determination of embodied energy intensity values using QS techniques. Refers to CAD-based modelling approach. Considers this a new market for quantity surveyors. | ||
| 650 | _aCAD | ||
| 650 | _aDIVERSIFICATION | ||
| 650 | _aEMBODIED ENERGY AUDITS | ||
| 650 | _aEMBODIED ENERGY IMPACTS | ||
| 650 | _aEMBODIED ENERGY INTENSITY VALUES | ||
| 650 | _aENERGY AUDITS | ||
| 650 | _aENERGY CONSERVATION | ||
| 650 | _aQUANTITY SURVEYORS | ||
| 690 | _aBUILDING AND CONSTRUCTION-ENERGY CONSERVATION | ||
| 690 | _aENVIRONMENTAL AND LAND CONSULTANCY-ENERGY | ||
| 700 | _aStewart, P. | ||
| 942 | _n0 | ||
| 948 | _c04/03/1997 | ||
| 999 |
_c30964 _d30964 |
||